Invisibilizando golpes de Estado /

Guardado en:
Bibliografiske detaljer
Hovedforfatter: Borón, Atilio
Format: Texto
Tags: Tilføj Tag
Ingen Tags, Vær først til at tagge denne postø!

MARC

LEADER 00000 a a2200000 04500
001 42730
003
040
100 |a Borón, Atilio  
245 |a Invisibilizando golpes de Estado /  |c Atilio Borón  
773 |g número147 ( , 2010), páginas 17-22  
999 |c 38766  |d 38766